| 000 | 00717nam a2200217 4500 | ||
|---|---|---|---|
| 001 | 132094 | ||
| 003 | ES-MaACL | ||
| 005 | 20251116063106.0 | ||
| 007 | t| | ||
| 008 | 070214s1961 sz r ||||1| spa d | ||
| 080 | _a821.134.2-21"15" | ||
| 100 | 1 |
_aRojas, Fernando de, _dca. 1470-1541 _999042 |
|
| 240 | 1 | 3 | _aLa Celestina |
| 245 | 1 | 0 |
_aComedia de Calisto y Melibea / _cFernando de Rojas ; introducción a la edición facsímil por Daniel Poyán. |
| 260 |
_aGinebra : _bBiblioteca Bodmeriana, _c1961. |
||
| 300 |
_a11 p. ; _c25 cm. |
||
| 534 |
_pReprod. facsímil de la ed. de: _cToledo, 1500. |
||
| 700 | 1 |
_aPoyán Díaz, Daniel. _993515 |
|
| 852 |
_aES-MaACL _j2023-F-23 |
||
| 999 |
_c132094 _d132094 |
||